000 00537nam a2200205 4500
003 OSt
005 20260601193845.0
008 260507b1978 |||a|||| |||| 00| 0 eng d
020 _a085139017X
040 _aICI
_bspa
_cICI
050 _aTA684
_bD47
100 1 _aYoung, John
_931339
245 1 _aDesigninig with GRC
264 _bThe Architectural Press, London
_c1978
_aGran Bretaña
300 _a36 páginas
336 _atexto
_2rdacontent
337 _asin medio
_2rdamedia
338 _avolumen
_2rdacarrier
942 _2lcc
_cB
_n1
999 _c21613
_d21613